L'Estatut de Catalunya : text oficial comentat, amb referències legals i notes de la discussió parlamentària / per C. Massó i Escofet i R. Gay de Montellà text oficial comentat, amb referències legals i notes de la discussió parlamentària / per C. Massó i Escofet i R. Gay de Montellà
Descripción Física:
203 p. ; 22 cm
Colección:
Biblioteca de cultura jurídica catalana ; 1
Materias:
Catalunya. -- Estatut (1932)
MARC
| LEADER | 00000nam a2200000Ia 4500 | ||
|---|---|---|---|
| 001 | 782 | ||
| 008 | 160829s1933 xx 000 0 cat d | ||
| 080 | |a D-1-69 | ||
| 100 | |a Catalunya. Estatut (1932) | ||
| 245 | |a L'Estatut de Catalunya : |b text oficial comentat, amb referències legals i notes de la discussió parlamentària / per C. Massó i Escofet i R. Gay de Montellà | ||
| 260 | |a Barcelona : |b Bosch, |c 1933 | ||
| 300 | |a 203 p. ; |c 22 cm | ||
| 490 | |a Biblioteca de cultura jurídica catalana ; 1 | ||
| 610 | 1 | 0 | |a Catalunya. |t Estatut (1932) |9 54030 |
| 700 | |a Massó Escofet, Cristóbal |9 33315 | ||
| 700 | |a Gay de Montellà, Rafael |9 33316 | ||
| 901 | |a Arxiu | ||
| 942 | |n 1 | ||
| 952 | |0 0 |1 0 |4 0 |6 D169 |7 1 |9 46264 |a Arxiu |b Arxiu |d 2016-12-01 |l 0 |o D-1-69 |p 782 |r 2016-12-01 00:00:00 |w 2016-12-01 |y ARXIU | ||
| 999 | |c 49766 |d 49766 | ||